00363nam a2200133Ia 4500008004100000041000800041082001700049100001900066245007100085260003300156300001200189365000700201650002100208210719s1977 xx 000 0 und d aeng a355.425 TABW aTABER (Robert) aWar of the flea: a study of guerrilla warfare theory and practice. aGrear BritainbPaladinc1977 a160bPB cRs aMilitary Science